00551nam a2200133Ia 4500082001200000100002600012245012800038260003100166300002200197650004600219650009000265650004200355710002000397 aTL.0030 aLalita Kumari, Volety 0aStudy of some aspects of the American economic assistance programme in India during the Kennedy and Johnson administrations c1976bUniversity of Bombay a518p. + C D - 44 aINDIA - FOREIGN RELATIONS - UNITED STATES aUNITED STATES - FOREIGN RELATIONS - INDIA//INDIA - FOREIGN RELATIONS - UNITED STATES  aECONOMIC ASSISTANCE, AMERICAN - INDIA aRamesh Babu, B.